ประวัติศาสตร์ที่เพศสร้าง / (ระเบียนเลขที่ 107600)
| 000 -LEADER | |
|---|---|
| fixed length control field | 04473nam a22002777a 4500 |
| 003 - CONTROL NUMBER IDENTIFIER | |
| control field | NALT |
| 005 - DATE AND TIME OF LATEST TRANSACTION | |
| control field | 20260311125049.0 |
| 008 - FIXED-LENGTH DATA ELEMENTS--GENERAL INFORMATION | |
| fixed length control field | 251223b th ||||| |||| 00| 0 tha d |
| 020 ## - INTERNATIONAL STANDARD BOOK NUMBER | |
| International Standard Book Number | 9789740219750 |
| 040 ## - CATALOGING SOURCE | |
| Original cataloging agency | ์NALT |
| 050 ## - LIBRARY OF CONGRESS CALL NUMBER | |
| Classification number | HQ 18.T5 |
| Item number | ช521ป 2568 |
| 100 0# - MAIN ENTRY--PERSONAL NAME | |
| Personal name | ชานันท์ ยอดหงษ์ |
| 9 (RLIN) | 24004 |
| 245 10 - TITLE STATEMENT | |
| Title | ประวัติศาสตร์ที่เพศสร้าง / |
| Statement of responsibility, etc. | ชานันท์ ยอดหงษ์. |
| 250 ## - EDITION STATEMENT | |
| Edition statement | พิมพ์ครั้งแรก. |
| 260 ## - PUBLICATION, DISTRIBUTION, ETC. | |
| Place of publication, distribution, etc. | กรุงเทพฯ : |
| Name of publisher, distributor, etc. | มติชน, |
| Date of publication, distribution, etc. | 2568. |
| 300 ## - PHYSICAL DESCRIPTION | |
| Extent | 375 หน้า : |
| Other physical details | ภาพประกอบ ; |
| Dimensions | 21 ซม. |
| 505 2# - FORMATTED CONTENTS NOTE | |
| Formatted contents note | สถานะและชนชั้นของผู้หญิงในอดีต -- "สาวเครือฟ้า" แม่บทภาพตัวแทนหญิงล้านนาในอาณานิคมสยาม -- "เดียร์" มิตรภาพอันโรแมนติกระหว่างหญิงช่วงเข้าสู่ยุคสมัยใหม่ -- สภากาชาดกับการช่วงชิงทางการเมืองและบทบาทสาธารณะของผู้หญิง -- "ทมยันตี" และกลุ่มสตรีขวาจัด ก่อนจะถึงวันสังหารหมู่ 6 ตุลาฯ -- เพศหลากหลายกับการช่วงชิงความหมายทางประวัติศาสตร์ -- "นุ้ยกัน" สายสัมพันธ์อันลึกซึ้งของสองเจ้าชายสยามยุคเปลี่ยนผ่านสู่ภาวะสมัยใหม่ -- การช่วงชิงความหมายทางประวัติศาสตร์เรื่องเพศใน "ลัทธิพิธี ร. 6" -- ผู้หญิงและคนรักเพศเดียวกันในทรรศนะของปรีดี พนมยงค์ และจิตร ภูมิศักดิ์ -- "ปาน บุนนาค" ตัวแม่ ตัวมารดาแห่งยุคสงครามเย็น -- "เทิ่ง สติเฟื่อง" ผู้ "เด๊ดสะมอเร่" ไปแล้ว แต่จะ "เริ่ดสะแมนแตน" ไปตลอดกาล -- "แต๋ว" ไม่ใช่ตุ๊ด ไม่ใช่เกย์ ไม่ใช่กะเทย แต่หมายถึงทอมเกี้ยวสาว -- สิทธิที่ถูกลิดรอนในโลกชายเป็นใหญ่ -- "ฮิญาบ" สัญลักษณ์ปิตาธิปไตยและการต่อสู้ครั้งยิ่งใหญ่ของมุสลิมะฮ์ -- การเมืองเรื่องเพศของครูบาอาจารย์หญิง -- ประวัติศาสตร์การต่อสู้และกีดกันเกย์กะเทยประกอบอาชีพครู -- ลืมไม่ลง "เสาร์ซาวเอ็ด" -- เรื่องเพศ เรื่องรัก กับอัตลักษณ์ตัวตนบนพื้นที่สาธารณะ -- ก่อนจะมีนิตยสารเกย์ใต้ดิน มีคอลัมน์เกย์หาคู่ในนิตยสารบนดิน -- ประสบการณ์ทางเพศในสวนสาธารณะ ร่องรอยทางประวัติศาสตร์ที่มีชีวิต --<br/>เมื่อสงกรานต์คือเทศกาลกินปูดูเก้งกวาง และเกาะเสม็ดเป็นเกาะเกย์พิสดาร. |
| 650 #4 - SUBJECT ADDED ENTRY--TOPICAL TERM | |
| Topical term or geographic name entry element | เพศ |
| General subdivision | แง่สังคม |
| 9 (RLIN) | 32830 |
| 650 #4 - SUBJECT ADDED ENTRY--TOPICAL TERM | |
| Topical term or geographic name entry element | เพศ |
| 9 (RLIN) | 26729 |
| 650 #4 - SUBJECT ADDED ENTRY--TOPICAL TERM | |
| Topical term or geographic name entry element | บทบาททางเพศ |
| Geographic subdivision | ไทย |
| 9 (RLIN) | 67194 |
| 942 ## - ADDED ENTRY ELEMENTS (KOHA) | |
| Koha item type | General Book |
| Source of classification or shelving scheme | Library of Congress Classification |
| 996 ## - STAFF PROCESSING RECORDS (NALT) | |
| Staff name | jidapa.t |
| Staff type | ACQSTF |
| Acquisition or Cataloging date | 2025-12-23 |
| 996 ## - STAFF PROCESSING RECORDS (NALT) | |
| Staff name | varee.k |
| Staff type | LIBSTF |
| Acquisition or Cataloging date | 2025-12-24 |
| 996 ## - STAFF PROCESSING RECORDS (NALT) | |
| Staff name | saiphon.d |
| Staff type | CATSTF |
| Acquisition or Cataloging date | 2025-12-26 |
| 998 ## - STAFF NAME (NALT) | |
| -- | 111 |
| -- | นางสาวพจพิณ พรมเอี่ยม |
| Withdrawn status | Lost status | Source of classification or shelving scheme | Damaged status | Not for loan | Collection code | Home library | Current library | Shelving location | Date acquired | Source of acquisition | Total Checkouts | Total Renewals | Full call number | Barcode | Checked out | Date last seen | Date last checked out | Price effective from | Koha item type |
|---|---|---|---|---|---|---|---|---|---|---|---|---|---|---|---|---|---|---|---|
| Library of Congress Classification | General Book collection | National Assembly Library of Thailand | National Assembly Library of Thailand | General Book shelves | 23/12/2025 | 20 | 1 | 1 | HQ 18.T5 ช521ป 2568 | 3961216003 | 25/03/2026 | 11/03/2026 | 11/03/2026 | 23/12/2025 | General Book |
